Normal view
MARC view
- Sabir, Ayub
Entry Personal Name
001 - CONTROL NUMBER
- control field: 17573
003 - CONTROL NUMBER IDENTIFIER
- control field: NUST
005 - DATE AND TIME OF LATEST TRANSACTION
- control field: 20190713063414.0
008 - FIXED-LENGTH DATA ELEMENTS
- fixed length control field: 190713|| aca||aabn | a|a d
040 ## - CATALOGING SOURCE
- Original cataloging agency: NUST
- Transcribing agency: NUST
100 ## - HEADING--PERSONAL NAME
- Personal name: Sabir, Ayub
670 ## - SOURCE DATA FOUND
- Source citation: Work cat.: (NUST): Sabir, Ayub, Allama Iqbal K Taswar-e-Jatiad /, 2008.
